[Event "5th Vergani Cup January 2021"]
[Site "Bassano del Grappa"]
[Date "2021.01.05"]
[Round "4.7"]
[White "Checa, Nicolas"]
[Black "Song, Julien"]
[Result "1-0"]
[WhiteElo "2527"]
[BlackElo "2306"]
[Annotator "TA"]
[PlyCount "83"]
[EventDate "2021.01.03"]
[EventType "swiss"]
[EventCountry "ITA"]
[SourceTitle "playchess.com"]
[Source "ChessBase"]
[SourceQuality "1"]

{[%evp 18,83,34,48,66,87,74,44,44,44,46,41,40,36,46,7,19,0,0,-22,0,-34,0,-31,0,6,10,-145,-148,-200,0,0,0,-26,0,-15,0,0,256,266,193,192,220,245,321,338,684,720,2179,2242,2272,1654,3533,2566,29988,839,817,818,959,920,1158,1149,1112,1072,1153,1132,1366,1141]} 1. d4 Nf6 2. c4 e6 3. Nf3 c5 4. d5 exd5 5. cxd5 d6 6. Nc3 g6 7. Bf4 a6 8. a4 Bg7 9. h3 O-O 10. e3 Bf5 {A61: Modern Benoni: Nf3 without early e4.} 11. Nd2 Re8 12. Be2 Ne4 {White is slightly better.} 13. Ndxe4 Bxe4 14. O-O g5 15. Bh2 Bg6 {[#]} 16. Bd3 $146 ({Predecessor:} 16. f4 Qe7 17. Kh1 Qxe3 18. Bh5 Nd7 19. Bxg6 hxg6 20. Qg4 Nf6 21. Qxg5 b5 22. Bg1 Qe7 23. axb5 axb5 24. Rxa8 Rxa8 25. f5 {½-½ (25) Demuth,A (2516)-Dijkhuis,T (2278) Rochefort 2015}) 16... Qe7 17. Qc2 Nd7 {[%cal Bb8d7,Bd7e5,Be5c4][%mdl 32]} 18. Bf5 Ne5 19. e4 Bxf5 20. exf5 Nc4 (20... g4 $5 {[%cal Rg4h3]}) 21. a5 Bd4 22. Na4 $2 (22. Bg3 $11) 22... Qe2 $17 ({And not} 22... Nxa5 23. Nb6 $14) 23. Rfc1 (23. Qxe2 $17 Rxe2 24. Nc3 Rxb2 25. Ne4) 23... Qxc2 $2 ({Not} 23... Nxa5 24. Bxd6 c4 25. Qxe2 $15) ({Better is} 23... Nxb2 $19 {aiming for ...Qxc2.} 24. Nxb2 Bxb2 25. Qxe2 Rxe2) 24. Rxc2 $11 Nxa5 {And now ...b5 would win.} 25. Bxd6 {Hoping for Nb6.} Nb3 26. Ra3 Re1+ 27. Kh2 Na1 {[%mdl 8192]} (27... Rd8 $11 28. Rxb3 Rxd6) 28. Rd2 $18 Rc1 29. Be7 {Black must now prevent Nb6.} Nc2 30. Rg3 Be5 31. Nb6 Re8 (31... Bxg3+ 32. Kxg3 Rf8) 32. d6 {Strongly threatening d7!} Nd4 {[#]} 33. d7 $1 Rb8 (33... Rf8 34. Bxf8) 34. Bxg5 {Bf4+ would kill now.} Bxg3+ 35. fxg3 {Threatening mate with Nc8.} Kg7 36. Rxd4 cxd4 {White is clearly winning.} 37. Bxc1 Rd8 38. Bf4 d3 39. Kg1 Kf6 40. Kf2 Ke7 41. Ke3 f6 42. Bc7 {White used his chance.  Weighted Error Value: White=0.25/Black=0.75} 1-0

[Event "5th Vergani Cup January 2021"]
[Site "Bassano del Grappa"]
[Date "2021.01.05"]
[Round "4.8"]
[White "Dobrikov, Marco"]
[Black "Sebenik, Matej"]
[Result "1/2-1/2"]
[WhiteElo "2301"]
[BlackElo "2501"]
[Annotator "TA"]
[PlyCount "73"]
[EventDate "2021.01.03"]
[EventType "swiss"]
[EventCountry "ITA"]
[SourceTitle "playchess.com"]
[Source "ChessBase"]
[SourceQuality "1"]

{[%evp 30,73,16,7,18,-4,0,0,30,0,0,0,0,0,-7,-16,0,0,4,0,70,63,100,100,106,31,22,46,16,21,14,-12,33,30,29,33,56,0,9,-30,0,0,0,-26,0,-25]} 1. e4 c5 2. Nf3 Nc6 3. d4 cxd4 4. Nxd4 Nf6 5. Nc3 e5 6. Ndb5 d6 7. Bg5 a6 8. Na3 b5 9. Nd5 Be7 10. Bxf6 Bxf6 11. c3 Bg5 12. Nc2 Rb8 13. Be2 O-O 14. O-O a5 15. Qd3 Be6 16. Rfd1 b4 {B33: Sicilian: Pelikan and Sveshnikov Variations.} 17. c4 Rb7 18. b3 {[#]} Nb8 $146 {[%cal Bc6b8,Bb8d7,Bd7c5][%mdl 32]} ({Predecessor:} 18... h6 19. h3 g6 20. Rab1 Kg7 21. Rb2 Nb8 22. Nde3 Rd7 23. Bg4 Na6 24. Bxe6 Nc5 {½-½ (43) Schulz,G (2411)-Volkov,A (2312) ICCF email 2012}) 19. a3 {[%cal Ra3b4]} (19. c5 $5) 19... Nd7 $1 {[%cal Rd7c5]} 20. axb4 axb4 21. Ndxb4 Nc5 22. Qf3 Rb6 23. Ra5 Bd7 {Threatens to win with ...Rxb4!} 24. Ra3 {Strongly threatening Nd5.} f5 (24... Qb8 $11 25. Nd5 Rxb3 26. Rxb3 Qxb3 27. Qxb3 Nxb3) 25. Nd5 $1 $14 {[%cal Rd5b6]} Rb8 {[#]} 26. b4 $1 {[%cal Rb4c5]} Nxe4 27. Nc3 (27. Bd3 $16) 27... Kh8 28. Nxe4 fxe4 29. Qc3 Qf6 30. Rf1 Bf4 (30... d5 $5 31. cxd5 Rbc8 $15) 31. Ne3 Qh6 {[%csl Gf4][%cal Rh6h2] [#]} 32. g3 Bg5 33. Ra6 (33. b5 $14) 33... Bc8 34. Rc6 Bd7 35. Ra6 Bc8 36. Rc6 {c5 is the strong threat.} Bd7 37. Ra6 $1 {Weighted Error Value: White=0.14/Black=0.19} 1/2-1/2

[Event "5th Vergani Cup January 2021"]
[Site "Bassano del Grappa"]
[Date "2021.01.05"]
[Round "4.9"]
[White "Zarpellon, Daniel"]
[Black "Brotto, Alessandro"]
[Result "1-0"]
[WhiteElo "1916"]
[BlackElo "1921"]
[Annotator "TA"]
[PlyCount "95"]
[EventDate "2021.01.03"]
[EventType "swiss"]
[EventCountry "ITA"]
[SourceTitle "playchess.com"]
[Source "ChessBase"]
[SourceQuality "1"]

{[%evp 9,95,10,21,17,14,16,29,8,8,5,47,6,1,5,25,23,31,20,18,18,18,14,25,15,14,0,0,0,9,4,12,0,0,0,7,0,0,0,0,0,0,0,0,0,0,0,0,-14,0,-20,-5,-58,0,0,0,0,0,0,6,6,30,-16,0,0,47,58,187,187,187,181,183,183,539,526,525,518,430,497,428,469,506,338,29972,97,143,0,6095,5057]} 1. Nf3 d5 2. d4 a6 3. e3 Nf6 4. c4 e6 5. Nbd2 Be7 6. b3 {D30: Queen's Gambit Declined: Systems without Nc3.} O-O 7. Bb2 c5 {[#]} 8. Be2 $146 {White has an edge.} ({Predecessor:} 8. Bd3 Nc6 9. O-O Nb4 10. Be2 b6 11. Ne5 Bb7 12. Ndf3 Ne4 13. a3 Nc6 14. Nxc6 Bxc6 {0-1 (38) Vogel,R (2471)-Movsesian,S (2639) Teplice 2019}) 8... cxd4 9. exd4 Nbd7 10. O-O b6 11. Ne5 Nxe5 12. dxe5 Ne4 13. Nxe4 dxe4 14. Qxd8 Rxd8 15. Rfd1 Bb7 16. Rxd8+ Rxd8 17. Rd1 Rxd1+ 18. Bxd1 $11 {[%mdl 4096] Endgame KBB-KBB} Bc5 19. Kf1 b5 20. cxb5 axb5 21. a4 b4 22. g3 Kf8 23. Bc1 Ke7 24. Bd2 Kd7 25. Be2 Bd5 26. Bd1 Bb7 27. Be2 Bd5 28. Bd1 Bb7 29. Ke1 Kc6 30. Bf4 (30. Be2 $11) 30... Kd5 ({Better is} 30... h6 $15) 31. Be2 Be7 32. h4 Kd4 33. Kd2 Bd8 34. Bb5 h6 35. h5 Bg5 36. a5 {[%cal Ba4a5,Ba5a6][%mdl 32]} Bxf4+ 37. gxf4 {KB-KB} Kc5 {[#]} (37... Bd5 $1 $14) 38. Bc4 $1 $18 Kd4 39. a6 Bc6 40. a7 Kc5 $2 (40... Bb7 {is more resistant.} 41. Ba6 Bc6) 41. Ke3 Kb6 42. f5 $1 Kxa7 43. fxe6 fxe6 44. Bxe6 Kb6 45. Kd4 Kb5 $2 {[#]} (45... Be8 $18 46. Bg4 (46. Kxe4 Bxh5 47. f4 Bd1 $11) 46... e3 47. fxe3 (47. Kxe3 Kc5 $16) 47... Kc6) 46. Bd5 $2 (46. Bf7 {mates} Ka6 47. Kc5 Bd7 48. e6 Bxe6 49. Bxe6 Ka7 50. Kc6 Ka8 51. Kb6) 46... Be8 $16 47. Be6 $2 {[%mdl 8192]} ({Don't do} 47. Kxe4 Kc5 $16) (47. Bxe4 $16 Bxh5 48. f4) 47... Bc6 $18 48. Bf5 {Weighted Error Value: White=0.35/Black=0.39} 1-0

[Event "5th Vergani Cup January 2021"]
[Site "Bassano del Grappa"]
[Date "2021.01.05"]
[Round "4.10"]
[White "Benedetti, Michele"]
[Black "Scagliarini, Lara"]
[Result "1/2-1/2"]
[WhiteElo "1895"]
[BlackElo "1907"]
[Annotator "TA"]
[PlyCount "127"]
[EventDate "2021.01.03"]
[EventType "swiss"]
[EventCountry "ITA"]
[SourceTitle "playchess.com"]
[Source "ChessBase"]
[SourceQuality "1"]

{[%evp 9,127,28,33,23,41,42,58,52,55,54,56,50,58,52,56,25,25,25,21,10,15,14,11,11,15,5,12,7,4,0,0,-3,0,0,0,0,0,0,0,0,0,0,29,28,46,46,49,46,50,0,0,0,28,29,33,33,49,49,136,107,129,129,114,52,52,52,52,0,0,0,0,0,0,0,0,0,0,0,0,0,0,0,0,0,0,0,0,0,0,0,0,0,0,0,0,0,0,0,0,0,0,0,0,0,0,0,191,0,0,0,0,0,0,0,0,0,0,0,0,0]} 1. d4 Nf6 2. c4 e6 3. g3 Bb4+ 4. Bd2 Qe7 5. Bg2 Bxd2+ 6. Qxd2 {E00: Catalan Bogo-Indian (3 g3 Bb4+).} d6 7. Nc3 O-O 8. e4 {White is slightly better.} e5 9. Nge2 Nc6 {[#]} 10. O-O $146 ({Predecessor:} 10. d5 Nb8 11. O-O a5 12. Nc1 Nfd7 13. Nd3 Na6 14. f4 exf4 15. Nxf4 Ne5 16. b3 {0-1 (62) Renger,J (1682)-Schmitt,C (1901) Heusenstamm 2019}) 10... Nxd4 11. Nxd4 exd4 12. Nd5 Nxd5 13. cxd5 f5 14. exf5 Bxf5 15. Qxd4 Qf6 16. Qxf6 Rxf6 17. Rac1 Rf7 18. Rfe1 Kf8 19. Rc3 Re8 20. Rce3 {[%csl Ge1][%cal Re3e8] [#]} Ree7 21. f4 Rxe3 22. Rxe3 $11 {[%mdl 4096] Endgame KRB-KRB} Re7 23. Kf2 Rxe3 24. Kxe3 {KB-KB} Ke7 25. Bf3 Kd7 26. b4 c5 27. dxc6+ bxc6 28. Kd4 Bc2 29. Be4 (29. g4 {with more complications.} Bb1 30. a3 Kc7 31. h4 Kb6 32. f5) 29... Bxe4 30. Kxe4 {KP-KP} a6 31. g4 Ke7 32. f5 Kf6 33. h4 g5 (33... Ke7 $14) 34. h5 $16 h6 35. Kd4 Ke7 36. a4 (36. Kd3 $16) 36... Kf7 $14 37. Kc4 Kf6 38. b5 (38. Kc3 $14) 38... axb5+ 39. axb5 cxb5+ 40. Kxb5 $11 {aiming for Kc6. K3P-K3P} Ke5 41. Kc4 d5+ 42. Kc5 d4 {( -> ...d3)} 43. Kc4 Ke4 44. f6 d3 45. Kc3 {White wants to mate with f7.} Ke3 46. f7 d2 47. f8=Q {White threatens Qc5+ and mate.} d1=Q 48. Qxh6 {KQ-KQ} Qd4+ (48... Qa1+ {feels hotter.} 49. Kc2 Qa4+ 50. Kc3 Qa1+) 49. Kb3 Qd1+ (49... Qd5+ {is more complex.} 50. Ka3 Qc5+ 51. Kb3 Qd5+) 50. Ka3 Qd3+ 51. Kb4 Qd4+ 52. Kb5 {Black must now prevent Qb6.} Qxg4 53. Qb6+ Ke2 54. h6 {And now Qg6 would win.} Qf5+ 55. Qc5 Qb1+ 56. Kc6 (56. Ka6 {with more complications.} Qa2+ 57. Kb6 Qe6+ 58. Qc6 Qe3+ 59. Kc7) 56... Qe4+ (56... Qh1+ {is interesting.} 57. Kd7 Qxh6 58. Qc2+ Kf3 59. Qf5+ Kg3) 57. Qd5 (57. Kd7 {keeps more tension.} g4 58. Qb5+ Ke3 59. Qg5+ Kd3 60. Kd6) 57... Qe8+ {[#]} (57... Qg6+ $11 {and Black has nothing to worry.} 58. Qd6 Qe4+ 59. Kd7 g4) 58. Kd6 $2 (58. Kc7 $1 $18) 58... Qf8+ {The position is equal.} 59. Ke5 {Qd6 is the strong threat.} Qxh6 {Threatening ...Qh2+.} 60. Qg2+ Ke1 61. Qg3+ Kf1 62. Kf5 Qh4 63. Qxg5 Qxg5+ 64. Kxg5 {Weighted Error Value: White=0.09/Black=0.12} 1/2-1/2

[Event "5th Vergani Cup January 2021"]
[Site "Bassano del Grappa"]
[Date "2021.01.05"]
[Round "5.1"]
[White "Bellahcene, Bilel"]
[Black "Niemann, Hans Moke"]
[Result "1/2-1/2"]
[WhiteElo "2510"]
[BlackElo "2472"]
[Annotator "TA"]
[PlyCount "61"]
[EventDate "2021.01.03"]
[EventType "swiss"]
[EventCountry "ITA"]
[SourceTitle "playchess.com"]
[Source "ChessBase"]
[SourceQuality "1"]

{[%evp 18,61,25,25,23,23,18,29,37,35,32,17,51,54,64,39,50,49,48,43,43,42,45,48,54,13,24,8,8,8,6,0,7,0,7,0,0,0,0,0,0,0,0,0,0,0]} 1. e4 e5 2. Nf3 Nc6 3. Bb5 Nf6 4. O-O Nxe4 5. Re1 Nd6 6. Nxe5 Be7 7. Bf1 Nxe5 8. Rxe5 O-O 9. d4 Bf6 10. Re1 Re8 $1 {The main line 10...Re8 scores better than 10...Nf5. C67: Ruy Lopez: Berlin Defence: 4 0-0 Nxe4.} 11. Bf4 Rxe1 12. Qxe1 Bxd4 {White has an edge.} 13. Bxd6 cxd6 14. Nc3 Bxc3 15. Qxc3 d5 {[#]} 16. Rd1 $146 ({Predecessor:} 16. Qd4 d6 17. Qxd5 Qb6 18. Rd1 Bg4 19. Rd4 Be6 20. Qxd6 Qxd6 21. Rxd6 Bxa2 22. Rd7 {1-0 (32) Alascio Ruiz,J (1907)-Domenche Redondo,F (1884) ICCF email 2016}) 16... d6 17. Rxd5 Be6 18. Rd4 Qb6 19. Rb4 Qc6 20. Qxc6 bxc6 $14 {[%mdl 4096] Endgame KRB-KRB} 21. a4 Bc8 22. Rd4 d5 {The position is equal.} 23. c4 Be6 24. cxd5 cxd5 25. f4 a5 26. b4 axb4 27. Rxb4 Kf8 28. Kf2 Bd7 29. Bb5 Bxb5 30. axb5 Ke7 31. b6 {Weighted Error Value: White=0.06/Black=0.05} 1/2-1/2

[Event "5th Vergani Cup January 2021"]
[Site "Bassano del Grappa"]
[Date "2021.01.05"]
[Round "5.2"]
[White "Basso, Pier Luigi"]
[Black "Warmerdam, Max"]
[Result "0-1"]
[WhiteElo "2561"]
[BlackElo "2506"]
[Annotator "TA"]
[PlyCount "84"]
[EventDate "2021.01.03"]
[EventType "swiss"]
[EventCountry "ITA"]
[SourceTitle "playchess.com"]
[Source "ChessBase"]
[SourceQuality "1"]

{[%evp 9,84,13,10,19,17,8,23,16,12,10,6,0,0,0,0,0,0,-22,-13,-48,-46,-43,-57,-58,-60,-55,-59,-70,-56,-74,-69,-72,-25,-47,-46,-62,-53,-60,-49,-43,-53,-54,-49,-45,-41,-92,-48,-61,-54,-55,-29,-40,-45,-31,-39,-36,-32,-38,-30,-43,-39,-41,-53,-33,-48,-147,-107,-154,-61,-57,-65,-110,-69,-67,-51,-36,-43]} 1. d4 Nf6 2. Nf3 g6 3. g3 Bg7 4. Bg2 c5 5. dxc5 Qa5+ 6. Nfd2 {A49: 1 d4 Nf6 2 Nf3 g6 3 g3: Anti-King's Indian systems.} Qxc5 7. Nb3 Qc7 8. Nc3 {White has an edge.} d6 9. O-O O-O 10. Bg5 Nbd7 11. Qd2 {[#]} Rb8 $146 ({Predecessor:} 11... a6 12. Bh6 Nb6 13. Bxg7 Kxg7 14. Rad1 Rd8 15. Na5 Rb8 16. e4 Be6 17. Nd5 Bxd5 18. exd5 {1-0 (43) Saacke,B (2355)-Schuh,H Germany 1981}) 12. e4 a6 13. Nd4 e6 14. Bh6 b5 {[%cal Bb7b5,Bb5b4][%mdl 32]} 15. Bxg7 Kxg7 16. Rae1 b4 17. Nd1 e5 18. Ne2 Bb7 19. f3 d5 20. exd5 Bxd5 21. Ne3 Ba8 22. Nc1 a5 23. Nd3 Rfe8 24. Qf2 Rbc8 25. Re2 Nc5 26. Nxc5 Qxc5 27. Rd1 (27. Rd2 $15) 27... Nd5 28. Ng4 Nb6 29. Rde1 {[%cal Rg4e5]} Nc4 {Strongly threatening ...f5.} 30. b3 {[#] Threatens to win with Qxc5.} h5 $1 31. Qxc5 Rxc5 32. Nf2 {Hoping for Nd3.} Na3 33. Nd3 Rc3 34. Rxe5 Rd8 $36 {[%mdl 2048] Black is pushing.} 35. Re8 ({Wrong is} 35. Rxa5 $2 Nxc2 36. Rc1 Ne3 $19) 35... Rxe8 36. Rxe8 Bc6 37. Rc8 (37. Re7 $15) 37... Nxc2 $17 38. f4 Nd4 (38... Rxd3 $17 39. Bxc6 Rd1+ 40. Kf2 Rd2+ 41. Kf3 Rxh2) 39. Bxc6 $15 {[#] Black must now prevent Ne5.} Rxd3 40. Be8 $1 Rd2 41. Rc7 Nf3+ 42. Kf1 Nxh2+ {Weighted Error Value: White=0.09/Black=0.07} 0-1

[Event "5th Vergani Cup January 2021"]
[Site "Bassano del Grappa"]
[Date "2021.01.05"]
[Round "5.3"]
[White "Moroni, Luca Jr"]
[Black "Horvath, Dominik"]
[Result "1-0"]
[WhiteElo "2562"]
[BlackElo "2446"]
[Annotator "TA"]
[PlyCount "63"]
[EventDate "2021.01.03"]
[EventType "swiss"]
[EventCountry "ITA"]
[SourceTitle "playchess.com"]
[Source "ChessBase"]
[SourceQuality "1"]

{[%evp 19,63,8,24,0,0,0,0,0,0,0,0,-12,3,0,0,0,0,8,6,0,10,6,12,12,218,210,206,208,388,387,385,383,383,382,373,378,641,623,591,588,665,626,690,681,698,697]} 1. d4 Nf6 2. Nf3 g6 3. g3 Bg7 4. Bg2 O-O 5. b3 d6 6. Bb2 c5 7. O-O cxd4 8. Nxd4 d5 9. c4 dxc4 10. bxc4 Qb6 11. Qb3 {11.Qc1 injects fresh life into this line. A49: 1 d4 Nf6 2 Nf3 g6 3 g3: Anti-King's Indian systems.} Nfd7 12. e3 e5 13. Nc2 $5 {[%mdl 4] The position is equal. Exploring less charted territory.} Nc5 {[#]} 14. Qxb6 $146 ({Predecessor:} 14. Qa3 Be6 15. Nd2 a5 16. Bd5 Bxd5 17. cxd5 Nbd7 18. e4 Bh6 19. Nc4 Qb5 20. Nxe5 Nxe5 21. Bxe5 Nxe4 {0-1 (63) Gromov,S (2247)-Tiemann,C (2265) ICCF email 2014}) 14... axb6 15. Nc3 Na4 16. Nxa4 Rxa4 17. Bd5 Nc6 18. Ba3 Rd8 19. Rab1 Bf5 20. e4 Bh3 21. Rfd1 {aiming for Bxc6.} Bg4 $2 {Loses the game.} (21... Nd4 $11 22. Nxd4 exd4) 22. Bxc6 $18 Rxd1+ 23. Rxd1 {Strongly threatening Rd8+.} Rxa3 $2 (23... Ra8 24. f3 (24. Bxb7 Bxd1 25. Bxa8 Bxc2 $18) 24... Bxf3) 24. Rd8+ {[%mdl 64] [#] Zwischenzug} ({And not} 24. Nxa3 Bxd1 25. Bxb7 Bf8 $11) 24... Bf8 25. Nxa3 bxc6 {[%mdl 4096] Endgame KRN-KB} 26. c5 bxc5 27. Nc4 Kg7 $2 {[#]} (27... Be6) 28. Nxe5 {White is clearly winning.} Be6 29. a4 {[%cal Ba2a4,Ba4a5][%mdl 32]} c4 {and the idea ...c3 leaves Black hopeful.} 30. Nxc6 c3 31. Nd4 Bg4 32. a5 {Weighted Error Value: White=0.03/Black=0.49} 1-0

[Event "5th Vergani Cup January 2021"]
[Site "Bassano del Grappa"]
[Date "2021.01.05"]
[Round "5.4"]
[White "Sonis, Francesco"]
[Black "Bjerre, Jonas Buhl"]
[Result "0-1"]
[WhiteElo "2483"]
[BlackElo "2551"]
[Annotator "TA"]
[PlyCount "151"]
[EventDate "2021.01.03"]
[EventType "swiss"]
[EventCountry "ITA"]
[SourceTitle "playchess.com"]
[Source "ChessBase"]
[SourceQuality "1"]

{[%evp 13,151,36,64,28,22,0,16,0,0,0,6,-27,-14,-32,-32,-15,-9,-47,-25,-28,-1,-30,0,-7,-18,-15,0,0,0,0,0,0,13,13,13,15,36,0,0,0,-16,-21,38,0,0,-80,-66,-111,-106,-111,-111,-110,-109,-113,-102,-115,-103,-100,-107,-108,-108,-100,-93,-122,-94,-117,-119,-112,-119,-127,-116,-124,-104,-115,-110,-127,-105,-152,-162,-145,-137,-200,-222,-140,-104,-93,-72,-72,-72,-76,-20,-70,-75,-134,-59,-59,-59,-210,-210,-172,-77,-139,-134,-91,-87,-279,-247,-495,-468,-564,-480,-5604,-29965,-29965,-29966,-29966,-29965,-29969,-29973,-29973,-29974,-29973,-29975,-29976,-29977,-29977,-29978,-29978,-29979,-29979,-29980,-29980,-29981,-29981,-29982,-29981,-29982,-29982,-29983,-29984]} 1. d4 Nf6 2. c4 e6 3. Nf3 d5 4. g3 dxc4 5. Bg2 a6 6. O-O Nc6 7. e3 Rb8 8. Qe2 {The modern move. E04: Open Catalan: 5 Nf3.} b5 9. Rd1 Be7 10. b3 {The position is equal.} cxb3 11. axb3 O-O 12. Bb2 Bb7 13. e4 Nb4 14. Nc3 Nd7 {[#]} 15. e5 $146 ({Predecessor:} 15. Rac1 Qe8 16. Ba1 c5 17. d5 e5 18. h4 Bd6 19. h5 Bc8 20. Nh4 Nf6 21. Rd2 {0-1 (51) Bosiocic,M (2619)-Livaic,L (2493) Mali Losinj 2019}) 15... Nd5 16. Ne4 c5 17. dxc5 Nxc5 18. Nxc5 (18. Nfg5 $5) 18... Bxc5 19. Nd2 Be7 20. Ne4 Rc8 21. Qg4 Kh8 22. Nd6 Rc2 23. Bd4 Bxd6 24. exd6 {[%csl Gd4][%cal Rg4g7]} Nf6 25. Qf4 (25. Qh3 $5 {[%cal Rg2b7]} Bc6 26. Rxa6 Qxd6 27. Bxc6 Rxc6 28. Rxc6 Qxc6 29. Bxf6 $11) 25... Bxg2 26. Kxg2 Qa8+ 27. Kg1 Nd7 ({Better is} 27... Nd5 $11 28. Qe5 Rg8) 28. Qg4 {[%csl Gd4][%cal Rg4g7]} Rg8 29. Rdc1 (29. Qh5 $11 Rf8 30. Qg4) 29... Rc6 $1 $17 30. Bb2 Rxd6 31. Qf4 {[#]} e5 $1 {[%cal Re5f4]} 32. Bxe5 Nxe5 33. Qxe5 Re6 34. Qh5 Qb7 35. Re1 Rge8 36. Rxe6 Rxe6 {[%mdl 4096] Endgame KQR-KQR} 37. Rd1 {White threatens Rd8+ and mate.} h6 38. Qf5 {Rd8+ would kill now.} Qe7 39. Kg2 g6 40. Qf3 Kg7 41. Rd2 Qf6 42. Qd5 Qe5 43. Qxe5+ Rxe5 {KR-KR} 44. b4 Kf6 45. Rd6+ Re6 46. Rd7 Rc6 47. Ra7 (47. h4 $17 {was necessary.}) 47... Ke6 $19 48. Kf3 f5 {White must now prevent ...Kd5.} 49. Ke3 Kd5 {Strongly threatening ...Kc4.} 50. Kd3 g5 51. f3 Re6 ({Black should try} 51... f4 $17) 52. Rd7+ Ke5 53. Rf7 (53. Rc7 $142) 53... f4 (53... Rd6+ $17 54. Kc3 Rc6+ 55. Kd3 Rc4 56. Re7+ Kd5 57. Rd7+ Kc6) 54. gxf4+ $15 gxf4 55. Ra7 $2 {[#]} (55. Rc7 $15) 55... Rd6+ $1 $19 56. Kc3 Kd5 (56... Kf6 $19 {has better winning chances.} 57. Kc2 Kg5) 57. Rf7 (57. Kd3 $142) 57... Rc6+ $17 58. Kd3 Rc4 59. Rf6 $2 (59. Rf5+ $17 {was worth a try.} Ke6 60. Rh5) 59... Rxb4 $19 60. Rxa6 $2 (60. Rf5+ {was the only defense.} Kd6 61. Rh5) 60... Rb3+ 61. Ke2 Re3+ 62. Kf2 (62. Kd2 $142 b4 63. Rxh6) 62... Re6 63. Ra8 {Black mates.} b4 64. Rb8 Kc5 65. Rf8 b3 66. Rf5+ Kc4 67. Rxf4+ Kc3 68. Rf8 Rb6 69. Rc8+ Kb4 70. Rc1 b2 71. Rb1 Kc3 72. Ke3 Kc2 73. Rf1 b1=Q 74. Rxb1 Rxb1 75. f4 Rh1 76. Kd4 {Weighted Error Value: White=0.31/Black=0.13} 0-1

[Event "5th Vergani Cup January 2021"]
[Site "Bassano del Grappa"]
[Date "2021.01.05"]
[Round "5.5"]
[White "Mendonca, Leon Luke"]
[Black "Dardha, Daniel"]
[Result "1/2-1/2"]
[WhiteElo "2516"]
[BlackElo "2487"]
[Annotator "TA"]
[PlyCount "72"]
[EventDate "2021.01.03"]
[EventType "swiss"]
[EventCountry "ITA"]
[SourceTitle "playchess.com"]
[Source "ChessBase"]
[SourceQuality "1"]

{[%evp 9,72,-17,-14,-6,0,0,6,0,0,0,0,0,0,0,0,0,11,0,0,0,23,-21,0,-7,0,0,30,30,27,27,27,23,24,0,42,30,45,33,104,104,167,167,285,163,161,156,150,166,153,122,138,102,100,104,102,100,100,0,0,0,0,0,0,0,0]} 1. Nf3 d5 2. e3 c5 3. c4 d4 4. exd4 cxd4 5. g3 Nc6 6. Bg2 {A09: Réti Opening: 1 Nf3 d5 2 c4.} e5 7. O-O Bd6 {7...Nf6 is more fashionable.} 8. d3 Nf6 9. Bg5 h6 10. Bxf6 Qxf6 11. a3 a5 12. Nbd2 Qe7 13. Re1 O-O $1 14. Rc1 {[#]} a4 $146 ({Predecessor:} 14... Bg4 15. Qa4 Qd7 16. c5 Bc7 17. Nc4 Rfe8 18. Nfd2 Bf5 19. Nb6 Bxb6 20. cxb6 Re6 {½-½ (54) Hardicsay,P (2205)-Piroska,I (2143) Zalakaros 2020}) 15. Ne4 Bc7 16. c5 Be6 17. Nfd2 f5 18. Nd6 Bxd6 19. cxd6 Qxd6 20. Nc4 Qb8 21. Qe2 {[%cal Rc4e5]} e4 (21... Bxc4 $5 22. Rxc4 f4 $11) 22. dxe4 f4 23. e5 $1 Kh8 ({Black should play} 23... Qa7 $14) 24. Nd6 $16 Ra5 (24... Ra6 $16) 25. gxf4 $18 ({Inferior is} 25. Bxc6 bxc6 26. Rxc6 Rd5 $11) 25... Qa7 (25... Qc7 $142 26. Nxb7 Qxb7) 26. Nxb7 Qxb7 27. Rxc6 Bd5 28. Bxd5 Rxd5 29. Qc4 Rdd8 30. Rd6 ({Reject} 30. Qxa4 $6 Rxf4 31. Qa6 Rg4+ 32. Kf1 Qb3 $11) 30... Qf3 {[#]} 31. Qxd4 ({Much weaker is} 31. Rxd4 $6 Rxd4 32. Qxd4 Rxf4 $11) 31... Rxd6 32. exd6 {And now Re7 would win.} Rxf4 $16 {KQR-KQR} 33. Qd2 (33. Re8+ $16 Kh7 34. Qd2 Rg4+ 35. Kf1) 33... Qg4+ $11 {The position is equal.} 34. Kh1 Qf3+ {[%mdl 64] [#] Double Attack} 35. Kg1 {Strongly threatening Re8+.} Qg4+ 36. Kh1 Qf3+ {[%mdl 64] Double Attack.  Weighted Error Value: White=0.14/Black=0.12} 1/2-1/2

[Event "5th Vergani Cup January 2021"]
[Site "Bassano del Grappa"]
[Date "2021.01.05"]
[Round "5.6"]
[White "Di Benedetto, Edoardo"]
[Black "Checa, Nicolas"]
[Result "1-0"]
[WhiteElo "2386"]
[BlackElo "2527"]
[Annotator "TA"]
[PlyCount "63"]
[EventDate "2021.01.03"]
[EventType "swiss"]
[EventCountry "ITA"]
[SourceTitle "playchess.com"]
[Source "ChessBase"]
[SourceQuality "1"]

{[%evp 25,63,12,13,16,17,9,13,10,7,4,17,11,17,19,15,18,262,252,259,251,252,262,262,262,352,362,354,359,360,358,344,346,347,337,389,379,439,431,409,408]} 1. d4 d5 2. c4 c6 3. Nc3 Nf6 4. Nf3 a6 5. cxd5 cxd5 6. Bf4 Nc6 7. e3 Bg4 8. h3 Bxf3 9. Qxf3 e6 10. Bd3 Bd6 11. Bxd6 Qxd6 12. O-O O-O 13. Rac1 Rac8 14. Na4 {D13: Slav Defence: Exchange variation without ...Bf5.} Rc7 15. a3 Rfc8 {[#] White must now prevent ...Nxd4!} 16. Qd1 $146 {The position is equal.} ({Predecessor:} 16. Rc3 e5 17. Qg3 Qe7 18. dxe5 Nxe5 19. Rd1 Nc4 20. Bf5 Rd8 21. b4 g6 22. Bd3 {½-½ (36) Iniguez,M (2297)-Ramirez,J (2289) ICCF email 2017}) 16... Na5 17. Rxc7 Rxc7 18. Nc5 e5 19. dxe5 Qxe5 20. b4 Qc3 $2 {[#] A mistake that costs the game.} 21. Na4 $18 Qxa3 22. bxa5 Qb4 23. Qa1 Qxa5 24. Qd4 b5 25. Nb6 Qc3 {intending ...Qxd4.} 26. Ra1 g6 27. Rxa6 Qxd4 28. exd4 Rc1+ 29. Kh2 b4 30. Na4 Kg7 31. Rb6 Rd1 32. Nc5 {Weighted Error Value: White=0.01/Black=0.43} 1-0